NBA Teams Quiz - Statistics

General Stats
  • This quiz has been taken 35 times
  • The average score is 26 of 30
Answer Stats
Picture Answer % Correct
Boston Celtics
100%
Chicago Bulls
100%
Cleveland Cavaliers
97%
Los Angeles Lakers
97%
Memphis Grizzlies
97%
Charlotte Hornets
93%
Golden State Warriors
93%
Los Angeles Clippers
93%
Miami Heat
93%
Milwaukee Bucks
93%
Utah Jazz
93%
Houston Rockets
90%
Minnesota Timberwolves
90%
San Antonio Spurs
90%
Brooklyn Nets
86%
Dallas Mavericks
86%
Denver Nuggets
86%
Indiana Pacers
86%
Oklahoma City Thunder
86%
Philadelphia 76ers
86%
Phoenix Suns
86%
Sacramento Kings
86%
Detroit Pistons
83%
New York Knicks
83%
Orlando Magic
83%
Toronto Raptors
83%
Atlanta Hawks
79%
New Orleans Pelicans
79%
Portland Trail Blazers
76%
Washington Wizards
76%
No matching quizzes found
Score Distribution
Percent of People with Each Score
Percentile by Number Answered
Your Score History
You have not taken this quiz